[Event "Tournoi Skype 032A"]
[Site "Skype"]
[Date "????.??.??"]
[Round "1.1"]
[White "Resende, Paulo"]
[Black "Perrone, Gabriel Lorenzo"]
[Result "1-0"]
[WhiteElo "1929"]
[BlackElo "1629"]
[PlyCount "41"]

1. e4 c5 2. Nf3 Nc6 3. d4 cxd4 4. Nxd4 d6 5. Bc4 g6 6. Nc3 Bg7 7. Be3 Nf6 8.
Bb3 O-O 9. f3 e6 10. Qd2 Na5 11. O-O-O Nxb3+ 12. Nxb3 a5 13. Qxd6 Qxd6 14. Rxd6
Bd7 15. e5 a4 16. exf6 axb3 17. fxg7 bxa2 18. gxf8=Q+ Kxf8 19. Nxa2 Rxa2 20.
Kb1 Ke7 21. Rxd7+ 1-0

[Event "Tournoi Skype 032A"]
[Site "Skype"]
[Date "????.??.??"]
[Round "1.2"]
[White "Morales Terreros, Jose Luis"]
[Black "Ricieri, Vinicius"]
[Result "0-1"]
[WhiteElo "1623"]
[BlackElo "1878"]
[PlyCount "132"]

1. e4 c5 2. Bc4 e6 3. Nc3 Nc6 4. f4 g6 5. Nf3 Bg7 6. d3 Nge7 7. O-O O-O 8. Qe1
d5 9. Bb3 b6 10. Qh4 dxe4 11. Nxe4 Bb7 12. Nf6+ Bxf6 13. Qxf6 Nf5 14. Qc3 Nfd4
15. Qe1 Nb4 16. Qf2 Nxf3+ 17. gxf3 Qd6 18. a3 Nd5 19. Qh4 Ne7 20. Qf6 Nf5 21.
Bd2 Qd4+ 22. Qxd4 Nxd4 23. Kg2 Rad8 24. Ba4 b5 25. c3 Nxf3 26. Rxf3 bxa4 27. d4
cxd4 28. cxd4 Bxf3+ 29. Kxf3 Rxd4 30. Be3 Rd3 31. Ke4 Rb3 32. Bd4 f6 33. Bc3
Kf7 34. Rd1 Re8 35. Rd4 e5 36. Rxa4 exf4+ 37. Kxf4 g5+ 38. Kf3 Re7 39. h4 h5
40. hxg5 fxg5 41. Rc4 Rb6 42. Rc8 g4+ 43. Kf4 Rbe6 44. Rh8 Rg6 45. Rxh5 g3 46.
Rh1 g2 47. Rg1 Kg8 48. Kf3 Rf7+ 49. Ke2 Re6+ 50. Kd3 Rd7+ 51. Kc2 Rg6 52. Bd2
Rf7 53. Be3 Rf1 54. Bxa7 Rxg1 55. Bxg1 Rh6 56. a4 Rh1 57. Bd4 g1=Q 58. Bxg1
Rxg1 59. a5 Kf8 60. b4 Ke8 61. Kc3 Kd7 62. Kd4 Kc6 63. Kc4 Rg4+ 64. Kb3 Kb5 65.
a6 Rxb4+ 66. Kc3 Ra4 0-1

[Event "Tournoi Skype 032A"]
[Site "Skype"]
[Date "????.??.??"]
[Round "1.4"]
[White "Carballo, Jorge"]
[Black "Deville, Olivier"]
[Result "1/2-1/2"]
[WhiteElo "1620"]
[BlackElo "1863"]
[PlyCount "64"]

1. e4 g6 2. d4 Bg7 3. c4 d6 4. Nf3 e5 5. dxe5 dxe5 6. Qxd8+ Kxd8 7. Nc3 c6 8.
Bg5+ f6 9. O-O-O+ Kc7 10. Be3 Bh6 11. Bxh6 Nxh6 12. h3 Be6 13. b3 Nd7 14. g4
Nf7 15. Be2 Rhe8 16. Rd2 Nf8 17. Rhd1 Bd7 18. c5 Rad8 19. b4 Ne6 20. h4 Nf4 21.
Bc4 Bxg4 22. Bxf7 Rxd2 23. Rxd2 Re7 24. Nh2 Rxf7 25. Nxg4 h5 26. Ne3 f5 27.
exf5 gxf5 28. Nc4 Ng2 29. Nxe5 Re7 30. Nf3 Rg7 31. Nd4 Rg4 32. Nxf5 Rxb4
1/2-1/2

[Event "Tournoi Skype 032A"]
[Site "Skype"]
[Date "????.??.??"]
[Round "1.5"]
[White "Calcino, Luis"]
[Black "Khabou, Taha"]
[Result "1-0"]
[WhiteElo "1848"]
[BlackElo "1615"]
[PlyCount "76"]

1. e4 e6 2. d4 d5 3. exd5 exd5 4. Bd3 Nf6 5. Bg5 Bd6 6. Nd2 O-O 7. h3 Re8+ 8.
Ne2 c6 9. O-O Qc7 10. Bxf6 gxf6 11. c4 dxc4 12. Nxc4 Nd7 13. Nc3 Nf8 14. Ne4
Be7 15. Qf3 Qd8 16. Rad1 Be6 17. b3 Ng6 18. Qg3 Kh8 19. Bc2 Bd5 20. Rfe1 Rg8
21. Qd3 Nf4 22. Qf3 Nxg2 23. Kf1 Nxe1 24. Rxe1 Rb8 25. Qh5 Rg7 26. Re3 Qg8 27.
Ng3 Bxc4+ 28. bxc4 Re8 29. Nf5 Rg1+ 30. Ke2 Bd8 31. Be4 Rg5 32. Qf3 Rg1 33. Nd6
Re6 34. Nxb7 Bb6 35. c5 Bc7 36. Bxc6 Rxe3+ 37. fxe3 Qg5 38. Nd6 Ra1 1-0

[Event "Tournoi Skype 032A"]
[Site "Skype"]
[Date "????.??.??"]
[Round "1.6"]
[White "Hadla, Mohammad Ali"]
[Black "Grosso, Raul"]
[Result "0-1"]
[WhiteElo "1614"]
[BlackElo "1848"]
[PlyCount "60"]

1. e4 c5 2. d4 cxd4 3. c3 Nf6 4. e5 Nd5 5. Bc4 Nb6 6. Bb3 Nc6 7. cxd4 d6 8. Nf3
dxe5 9. O-O e6 10. dxe5 Qxd1 11. Rxd1 Be7 12. Nc3 Nd7 13. Be3 O-O 14. Rac1
Ndxe5 15. Nxe5 Nxe5 16. Ne4 Rd8 17. Bc2 Bd7 18. f4 Ng4 19. Bd4 Bc6 20. Bc3
Rxd1+ 21. Rxd1 Ne3 22. Re1 Nxc2 23. Ng3 Nxe1 24. Bxe1 Bc5+ 25. Kf1 Bb5+ 26. Ne2
Rd8 27. g3 Rd1 28. b3 Bb4 29. Kf2 Bxe1+ 30. Kg2 Bxe2 0-1

[Event "Tournoi Skype 032A"]
[Site "Skype"]
[Date "????.??.??"]
[Round "1.7"]
[White "Rico Hernandez, Edgar"]
[Black "Lago Carballo, Maria Del Carmen"]
[Result "1-0"]
[WhiteElo "1843"]
[BlackElo "1604"]
[PlyCount "95"]

1. d4 d5 2. c4 Nf6 3. cxd5 Qxd5 4. Nc3 Qd8 5. e4 e6 6. Bg5 Be7 7. Nf3 h6 8. Bf4
c6 9. Bd3 O-O 10. O-O b6 11. Qe2 Bb7 12. Rfd1 Nbd7 13. Rac1 Nh7 14. e5 Ng5 15.
Nxg5 Bxg5 16. Bxg5 Qxg5 17. Ne4 Qe7 18. Nd6 Nb8 19. Be4 a5 20. Qc2 f5 21. Bf3
g6 22. Nxb7 Qxb7 23. Bxc6 Nxc6 24. Qxc6 Qxc6 25. Rxc6 Rfe8 26. Rxb6 Kf7 27. Rc1
Re7 28. g3 Rd8 29. Rc4 Red7 30. Ra6 Rxd4 31. Rxd4 Rxd4 32. Ra7+ Kf8 33. Rxa5
Rd2 34. Rb5 g5 35. h3 Rd4 36. b3 h5 37. a4 f4 38. gxf4 Rxf4 39. a5 Rd4 40. a6
Rd1+ 41. Kg2 Ra1 42. Rb6 Kf7 43. Rb7+ Kg6 44. a7 Kf5 45. b4 Kxe5 46. b5 Kd6 47.
b6 Kc6 48. Rb8 1-0

[Event "Tournoi Skype 032A"]
[Site "Skype"]
[Date "????.??.??"]
[Round "1.8"]
[White "De Fazio, Monica"]
[Black "Segura Lozano, Marcos Antonio"]
[Result "0-1"]
[WhiteElo "1603"]
[BlackElo "1825"]
[PlyCount "86"]

1. Nf3 d6 2. d4 Nd7 3. c4 g6 4. g3 Bg7 5. Bg2 Ngf6 6. O-O O-O 7. Nc3 c6 8. e4
e5 9. d5 Qc7 10. Be3 Re8 11. Qd2 Ng4 12. Rae1 Nxe3 13. Rxe3 Bh6 14. h3 c5 15.
Nb5 Qb6 16. Nh2 a6 17. Nc3 Bxe3 18. fxe3 Nf8 19. Qf2 Qc7 20. Nf3 h6 21. g4 Nh7
22. Qh4 Kg7 23. Qf2 b6 24. Nh2 Ra7 25. h4 Qd8 26. Ne2 b5 27. cxb5 axb5 28. a3
Rf8 29. h5 b4 30. axb4 cxb4 31. Rb1 Ba6 32. Nc1 Qb6 33. Bf1 Rc7 34. Bxa6 Qxa6
35. b3 Rfc8 36. Qd2 Rc2 37. Qe1 R8c3 38. Nf1 Qc8 39. Ne2 Qxg4+ 40. Nfg3 Rxe3
41. Kf2 Qxg3+ 42. Kf1 Rf3+ 43. Qf2 Qxf2# 0-1

[Event "Tournoi Skype 032A"]
[Site "Skype"]
[Date "????.??.??"]
[Round "1.9"]
[White "Elias, Roberto"]
[Black "Le Brun, Yves"]
[Result "1-0"]
[WhiteElo "1821"]
[BlackElo "1601"]
[PlyCount "81"]

1. c4 c5 2. Nc3 Nf6 3. g3 Nc6 4. Bg2 e6 5. e4 Qc7 6. Nge2 a6 7. d3 Be7 8. O-O
d6 9. f4 e5 10. Nd5 Nxd5 11. exd5 Nd4 12. Nxd4 cxd4 13. b4 Bd7 14. a4 O-O 15.
f5 b5 16. axb5 axb5 17. Rxa8 Rxa8 18. c5 f6 19. c6 Be8 20. Qg4 Kh8 21. Qh4 Ra4
22. Bd2 Ra3 23. Rf3 Ra1+ 24. Bf1 Bf7 25. Qe4 Bd8 26. g4 Qa7 27. h4 Qa2 28. Rf2
Bxd5 29. Qe2 Bxc6 30. g5 Qd5 31. Rh2 Bd7 32. Rf2 Qf7 33. Qe4 h6 34. gxh6 gxh6
35. Bxh6 d5 36. Qe2 Bc6 37. Rg2 Qe8 38. Rg6 Ra7 39. Qh5 Rh7 40. Bg7+ Kg8 41.
Bxf6+ 1-0

[Event "Tournoi Skype 032A"]
[Site "Skype"]
[Date "????.??.??"]
[Round "1.10"]
[White "Grib, Johannes"]
[Black "Lucena Vaz, Jose"]
[Result "0-1"]
[WhiteElo "1599"]
[BlackElo "1804"]
[PlyCount "78"]

1. e4 c5 2. Nf3 g6 3. d4 Bg7 4. d5 d6 5. h3 Nd7 6. Bb5 Qa5+ 7. Nc3 Bxc3+ 8. Nd2
Bxd2+ 9. Bxd2 Qxb5 10. Bc3 Ngf6 11. a4 Qc4 12. Qf3 O-O 13. g4 Qxe4+ 14. Qxe4
Nxe4 15. Bd2 Nxd2 16. Kxd2 Nf6 17. a5 Nxd5 18. Rhe1 Bd7 19. c4 Nf4 20. Rxe7 Bc6
21. h4 Rfe8 22. Re3 Rxe3 23. fxe3 Ng2 24. h5 Re8 25. hxg6 hxg6 26. Ra3 Re4 27.
Rd3 Rxc4 28. Rxd6 Re4 29. Rd8+ Kg7 30. g5 Nxe3 31. a6 bxa6 32. Rc8 Bb5 33. Rxc5
Nc4+ 34. Kc2 Re2+ 35. Kc3 Rxb2 36. Rxc4 Bxc4 37. Kxb2 f6 38. gxf6+ Kxf6 39. Kc3
Bb5 0-1

[Event "Tournoi Skype 032A"]
[Site "Skype"]
[Date "????.??.??"]
[Round "1.11"]
[White "Mayor Martinez, Juan Jose"]
[Black "Quiel, Aristoteles"]
[Result "0-1"]
[WhiteElo "1802"]
[BlackElo "1596"]
[PlyCount "152"]

1. e4 e5 2. Nf3 Nc6 3. Bc4 Bc5 4. d3 Nf6 5. Nc3 O-O 6. Nd5 Nxd5 7. Bxd5 Ne7 8.
Bb3 d6 9. Ng5 h6 10. Nf3 c6 11. c3 Ng6 12. h4 d5 13. h5 Nf4 14. Bxf4 exf4 15.
e5 Bg4 16. d4 Bb6 17. Bc2 Qe7 18. Qd3 f5 19. O-O-O Qf7 20. Qd2 Bd8 21. Rdg1
Bxh5 22. Qxf4 Bg4 23. Kb1 Be7 24. Nh2 Bh5 25. Nf3 Bg6 26. Qg3 Qe6 27. Qf4 Rf7
28. g3 a6 29. Re1 Rd8 30. a3 b5 31. Nh4 Bh7 32. Ng2 g5 33. Qf3 Bf8 34. Qd1 a5
35. f4 Rb8 36. fxg5 hxg5 37. Qh5 Qg6 38. Qxg6+ Bxg6 39. e6 Rg7 40. Ne3 b4 41.
cxb4 axb4 42. Nxf5 Bxf5 43. Bxf5 bxa3 44. Re2 Rgb7 45. Rhh2 Ra7 46. g4 Rb6 47.
Rh5 Be7 48. Rh6 Rab7 49. Rg6+ Kf8 50. Rh6 Rxb2+ 51. Rxb2 Rxb2+ 52. Kc1 Kg8 53.
Rh7 Rb7 54. Rh2 Bf6 55. Rd2 Kf8 56. Rd3 a2 57. Ra3 Bxd4 58. Rxa2 Ke7 59. Kc2 c5
60. Ra6 c4 61. Rc6 c3 62. Kd3 Be5 63. Rc8 Rb2 64. Ke3 Rh2 65. Rc6 Rh3+ 66. Ke2
d4 67. Ra6 Bf4 68. Ra7+ Kd6 69. Rd7+ Kc5 70. Kd1 Bd6 71. Rg7 d3 72. Bxd3 Rxd3+
73. Kc2 Kc4 74. Rxg5 Rd2+ 75. Kc1 Ba3+ 76. Kb1 c2+ 0-1

[Event "Tournoi Skype 032A"]
[Site "Skype"]
[Date "????.??.??"]
[Round "1.12"]
[White "Franco Flores, Ximena"]
[Black "Lambert, Pierre"]
[Result "1-0"]
[WhiteElo "1594"]
[BlackElo "1791"]
[PlyCount "55"]

1. e4 c5 2. Nf3 d6 3. d4 cxd4 4. Nxd4 Nf6 5. Nc3 a6 6. Be2 e5 7. Nf3 Be7 8. Bg5
Be6 9. O-O Nc6 10. a3 O-O 11. Qd3 d5 12. Bxf6 Bxf6 13. exd5 Bd7 14. dxc6 Bxc6
15. Ne4 Rc8 16. Rad1 Qb6 17. Nxf6+ gxf6 18. Ne1 Rfe8 19. Qf5 Re6 20. Bc4 Ree8
21. Qxf6 Qc7 22. Rd3 Be4 23. Rg3+ Bg6 24. b3 Rcd8 25. Nf3 Rd6 26. Bxf7+ Qxf7
27. Qxd6 Kh8 28. Nxe5 1-0

[Event "Tournoi Skype 032A"]
[Site "Skype"]
[Date "????.??.??"]
[Round "1.13"]
[White "Bourdeau, Yvan"]
[Black "Davis, Michael"]
[Result "1/2-1/2"]
[WhiteElo "1740"]
[BlackElo "1590"]
[PlyCount "62"]

1. f4 g6 2. Nf3 Bg7 3. d4 d5 4. Nbd2 e6 5. e4 Ne7 6. c3 Nd7 7. e5 Nf5 8. Nb3 b6
9. Be2 c5 10. Bd2 c4 11. Nc1 O-O 12. O-O b5 13. g4 Ne7 14. a3 a5 15. Na2 Nc6
16. Qe1 f6 17. h3 fxe5 18. fxe5 Qb6 19. Kg2 Nd8 20. Qh4 Nf7 21. Ng5 Nxg5 22.
Qxg5 Qd8 23. Qxd8 Rxd8 24. Bg5 Rf8 25. Be7 Re8 26. Bd6 Bf8 27. Bxf8 Nxf8 28.
Rf2 Bd7 29. Raf1 g5 30. Rf7 Rad8 31. Bd1 Ng6 1/2-1/2

[Event "Tournoi Skype 032A"]
[Site "Skype"]
[Date "????.??.??"]
[Round "1.15"]
[White "Casey, Eamonn"]
[Black "Hague, Mark"]
[Result "1-0"]
[WhiteElo "1724"]
[BlackElo "1582"]
[PlyCount "59"]

1. d4 Nf6 2. c4 b6 3. Nc3 e6 4. Bg5 Bb7 5. e3 Bb4 6. a3 Bxc3+ 7. bxc3 Nc6 8.
Nf3 h6 9. Bh4 Na5 10. h3 Ba6 11. Nd2 O-O 12. Bd3 d5 13. Qe2 dxc4 14. Nxc4 Nxc4
15. Bxc4 Bb7 16. O-O Re8 17. Rfd1 g5 18. Bg3 Ne4 19. Rac1 Nxg3 20. fxg3 Kg7 21.
a4 a5 22. Bd3 Qd6 23. Qf2 f5 24. Rf1 Re7 25. g4 Rf8 26. gxf5 exf5 27. Bxf5 Ref7
28. Qc2 Qf6 29. Bd3 Qc6 30. Rxf7+ 1-0

[Event "Tournoi Skype 032A"]
[Site "Skype"]
[Date "????.??.??"]
[Round "1.16"]
[White "Lopes, Marcia Maria"]
[Black "Saponara, Jose Maria"]
[Result "0-1"]
[WhiteElo "1579"]
[BlackElo "1710"]
[PlyCount "102"]

1. d4 g6 2. Nf3 Bg7 3. Bf4 d6 4. e3 a6 5. Be2 Nd7 6. c4 b6 7. Nc3 Bb7 8. O-O e6
9. h3 Ne7 10. a4 h6 11. Bh2 Nf6 12. Rc1 O-O 13. Re1 Re8 14. Qb3 Nc6 15. Qa3 Nd7
16. Red1 e5 17. dxe5 Ncxe5 18. e4 Nxf3+ 19. Bxf3 Bxc3 20. Qxc3 Bxe4 21. Bxe4
Rxe4 22. Qf3 Qe7 23. Bf4 Kh7 24. Be3 Re8 25. Re1 Nc5 26. Qd1 a5 27. Kf1 Qf6 28.
Qc2 Rxe3 29. Rxe3 Rxe3 30. Qd1 Nd3 31. Qd2 Nxc1 32. Qxe3 Qxb2 33. Qe1 Nd3 34.
Qe3 Qc1+ 35. Qxc1 Nxc1 36. g4 Nd3 37. Ke2 Nc5 38. Kd2 Nxa4 39. Kc2 Kg7 40. f4
Nc5 41. Kc3 c6 42. h4 b5 43. cxb5 cxb5 44. Kc2 b4 45. Kb1 a4 46. Kb2 a3+ 47.
Ka2 d5 48. g5 d4 49. h5 d3 50. gxh6+ Kxh6 51. hxg6 fxg6 0-1

[Event "Tournoi Skype 032A"]
[Site "Skype"]
[Date "????.??.??"]
[Round "1.17"]
[White "Pirola, Gabriele"]
[Black "Yeter, Orhan"]
[Result "0-1"]
[WhiteElo "1702"]
[BlackElo "1578"]
[PlyCount "68"]

1. Nf3 Nf6 2. d4 d5 3. g3 e6 4. Bg2 Be7 5. O-O O-O 6. Re1 Nbd7 7. Nbd2 c5 8. c3
b6 9. e4 dxe4 10. Nxe4 Bb7 11. Ne5 Nxe4 12. Nxd7 Qxd7 13. Bxe4 Bxe4 14. Rxe4
cxd4 15. Rxd4 Qb5 16. c4 Qc6 17. b3 Bf6 18. Rd6 Qc7 19. Rb1 Rad8 20. Bf4 e5 21.
Rxd8 Rxd8 22. Qc2 exf4 23. Rc1 fxg3 24. hxg3 Qe7 25. c5 bxc5 26. Rd1 Rxd1+ 27.
Qxd1 Qd8 28. Qc2 Bd4 29. Qc4 Qa5 30. Qd5 Qe1+ 31. Kh2 Qxf2+ 32. Kh3 g6 33. Qa8+
Kg7 34. Qxa7 Be5 0-1

[Event "Tournoi Skype 032A"]
[Site "Skype"]
[Date "????.??.??"]
[Round "1.18"]
[White "Pasasin, Alejandro"]
[Black "Khetre, Gaurav"]
[Result "0-1"]
[WhiteElo "1576"]
[BlackElo "1701"]
[PlyCount "64"]

1. e4 e6 2. d4 d5 3. e5 c5 4. c3 Qb6 5. Qb3 Qc7 6. Nf3 cxd4 7. cxd4 Qxc1+ 8.
Ke2 b6 9. g3 Ba6+ 10. Qd3 Qxb2+ 11. Nfd2 Bxd3+ 12. Kxd3 Nc6 13. a3 Qxa1 14. Nc3
Bxa3 15. Bg2 Qb2 16. Rb1 Nb4+ 17. Ke3 Qxc3+ 18. Ke2 Qd3+ 19. Kd1 Rc8 20. Bf1
Qxd4 21. Bb5+ Ke7 22. Rxb4 Bxb4 23. Ke2 Qxd2+ 24. Kf3 Rc3+ 25. Kg2 Bc5 26. Kh3
Qxf2 27. Ba4 Qf5+ 28. Kh4 g5+ 29. Kh5 Qg6+ 30. Kg4 Nh6+ 31. Kh3 g4+ 32. Kh4
Nf5# 0-1

[Event "Tournoi Skype 032A"]
[Site "Skype"]
[Date "????.??.??"]
[Round "1.19"]
[White "Alvarez, Juan Evangelista"]
[Black "Sequeda Pimiento, Javier Ricardo"]
[Result "0-1"]
[WhiteElo "1693"]
[BlackElo "1576"]
[PlyCount "150"]

1. c4 e6 2. e4 c6 3. Nc3 d6 4. d4 Nd7 5. Nf3 Be7 6. Bd3 Qc7 7. O-O Ngf6 8. Bf4
O-O 9. Qc2 e5 10. dxe5 dxe5 11. Bg3 Nh5 12. Rae1 Nxg3 13. fxg3 Nf6 14. Nh4 Ng4
15. h3 Bc5+ 16. Kh1 Ne3 17. Qf2 Nxf1 18. Qxc5 Nxg3+ 19. Kh2 Nh5 20. Nd5 Qd8 21.
Ne7+ Kh8 22. Rd1 Re8 23. Be2 Bd7 24. Bxh5 Qxe7 25. Qf2 Rad8 26. Rf1 g6 27. Be2
Be6 28. Nf3 Qf6 29. Qxa7 Qf4+ 30. Kh1 Qxe4 31. Qf2 Qf4 32. g3 Qf6 33. Qg2 Bf5
34. Nh4 Qg7 35. Nxf5 gxf5 36. Rxf5 e4 37. Bh5 Re7 38. b4 e3 39. Be2 Rd2 40. Qf1
Rxa2 41. Ra5 Rxa5 42. bxa5 Kg8 43. Qf4 Qa1+ 44. Kg2 Qe5 45. Qg4+ Kf8 46. Qc8+
Kg7 47. a6 Qe4+ 48. Kh2 bxa6 49. Qxa6 Qf5 50. Qxc6 Qf2+ 51. Qg2 Qxg2+ 52. Kxg2
Kg6 53. Kf3 f6 54. c5 h5 55. c6 Kg5 56. h4+ Kh6 57. Kf4 Kg7 58. c7 Rxc7 59.
Bxh5 Re7 60. Be2 Re5 61. g4 Re7 62. Kf5 Re5+ 63. Kf4 Kg6 64. Kf3 Kh6 65. Kf4
Re7 66. Kf5 Kg7 67. g5 Re5+ 68. Kf4 Re7 69. gxf6+ Kxf6 70. h5 Kg7 71. Kf3 Kf6
72. Bd3 Kg5 73. Be4 e2 74. Kxe2 Rxe4+ 75. Kf3 Rh4 0-1

[Event "Tournoi Skype 032A"]
[Site "Skype"]
[Date "????.??.??"]
[Round "1.20"]
[White "De Nobrega, George"]
[Black "Rodier, Marc"]
[Result "1-0"]
[WhiteElo "1572"]
[BlackElo "1686"]
[PlyCount "109"]

1. e4 c5 2. Nf3 Nc6 3. d4 cxd4 4. Nxd4 Nf6 5. Nc3 e5 6. Nxc6 bxc6 7. a3 d6 8.
Bc4 Be7 9. O-O O-O 10. Re1 Qc7 11. Qf3 Bb7 12. Qg3 g6 13. Bh6 Rfe8 14. Bg5 Nh5
15. Qg4 Bxg5 16. Qxg5 d5 17. exd5 cxd5 18. Bxd5 Bxd5 19. Nxd5 Qxc2 20. Ne7+ Kg7
21. Qxe5+ f6 22. Qe2 Qb3 23. Qd2 Qb7 24. g4 Rxe7 25. gxh5 gxh5 26. Rxe7+ Qxe7
27. Re1 Qf7 28. Qd6 Re8 29. Rxe8 Qxe8 30. Qc7+ Qf7 31. Qxf7+ Kxf7 32. Kg2 Ke6
33. Kf3 Kd5 34. Kf4 Kc4 35. Kf5 Kb3 36. f4 a5 37. Kxf6 a4 38. f5 Kxb2 39. Kg7
Kxa3 40. f6 Kb2 41. f7 a3 42. f8=Q a2 43. Qb4+ Kc2 44. Qc4+ Kb2 45. Qxa2+ Kxa2
46. Kh6 h4 47. h3 Kb3 48. Kh5 Kc4 49. Kxh4 Kd5 50. Kh5 Ke4 51. Kg5 Ke5 52. h4
Ke6 53. Kh6 Kf7 54. Kxh7 Ke8 55. Kg7 1-0

[Event "Tournoi Skype 032A"]
[Site "Skype"]
[Date "????.??.??"]
[Round "1.21"]
[White "Lovell, Stan"]
[Black "Galani, Mahendra"]
[Result "1/2-1/2"]
[WhiteElo "1684"]
[BlackElo "1572"]
[PlyCount "50"]

1. d4 d5 2. Nc3 Nf6 3. Bf4 Nbd7 4. e3 c6 5. Bd3 Qb6 6. a3 e6 7. Nf3 c5 8. dxc5
Nxc5 9. Nb5 Na6 10. O-O Bd7 11. Qe2 Be7 12. Ne5 O-O 13. a4 Bxb5 14. axb5 Nb4
15. Bg5 Qd8 16. Ra4 Nxd3 17. Qxd3 Ne4 18. Bxe7 Qxe7 19. Qe2 f6 20. Nf3 Nc5 21.
Ra3 e5 22. Rfa1 b6 23. Qd2 Rfd8 24. c3 Ne4 25. Qe2 Rd7 1/2-1/2

[Event "Tournoi Skype 032A"]
[Site "Skype"]
[Date "????.??.??"]
[Round "1.22"]
[White "Sosa, Juan Carlos"]
[Black "Quispe, Alberto"]
[Result "0-1"]
[WhiteElo "1569"]
[BlackElo "1680"]
[PlyCount "52"]

1. d4 Nf6 2. c4 c6 3. Nc3 d5 4. Bg5 e6 5. e3 Be7 6. cxd5 cxd5 7. Nf3 Nc6 8. Bd3
Bd7 9. O-O Rc8 10. Qc2 Nb4 11. Qd1 Nxd3 12. Qxd3 h6 13. Bxf6 Bxf6 14. Rac1 O-O
15. Nb5 a6 16. Na7 Ra8 17. Rc8 Bxc8 18. Nxc8 Rxc8 19. Qb3 Qd7 20. Ne5 Bxe5 21.
dxe5 Rc4 22. Qd3 Rfc8 23. g3 Qc7 24. f4 Rc2 25. a3 Qb6 26. b4 R8c3 0-1

[Event "Tournoi Skype 032A"]
[Site "Skype"]
[Date "????.??.??"]
[Round "1.23"]
[White "Engstrom, Olle"]
[Black "Ramirez Reina, Orlando"]
[Result "1-0"]
[WhiteElo "1674"]
[BlackElo "1567"]
[PlyCount "63"]

1. e4 e5 2. Nf3 Nc6 3. d4 exd4 4. Bc4 Ne5 5. Nxe5 d5 6. Bxd5 Nf6 7. Bg5 Be7 8.
Bxf6 Bxf6 9. Nxf7 Qe7 10. Nxh8 c6 11. Bb3 Qxe4+ 12. Qe2 Qxe2+ 13. Kxe2 Bg4+ 14.
f3 Bd7 15. Nd2 Kf8 16. Kd3 c5 17. a4 b5 18. Bd5 c4+ 19. Ke2 Re8+ 20. Ne4 d3+
21. cxd3 cxd3+ 22. Kxd3 b4 23. Nxf6 gxf6 24. Nf7 Bf5+ 25. Kd4 Re2 26. b3 a5 27.
Rac1 Kg7 28. Rc7 Rd2+ 29. Kc5 Rc2+ 30. Kb6 Rxc7 31. Kxc7 Bg6 32. Nd6 1-0

[Event "Tournoi Skype 032A"]
[Site "Skype"]
[Date "????.??.??"]
[Round "1.24"]
[White "Chavero, Victor"]
[Black "Rincon Martin, Santiago"]
[Result "1/2-1/2"]
[WhiteElo "1563"]
[BlackElo "1673"]
[PlyCount "84"]

1. Nf3 g6 2. e4 Bg7 3. d4 d6 4. c4 Nf6 5. Nc3 O-O 6. Be2 e5 7. d5 a5 8. Be3 Na6
9. O-O b6 10. h3 Nc5 11. Qc2 Nh5 12. Bg5 f6 13. Be3 Nf4 14. Rfd1 f5 15. Bxc5
bxc5 16. Bd3 Qf6 17. a3 Nxh3+ 18. gxh3 fxe4 19. Bxe4 Bh6 20. Nb5 Rf7 21. Kg2
Bf5 22. Bxf5 gxf5 23. Rg1 Kh8 24. Kf1 e4 25. Nd2 Qh4 26. Qc3+ Bg7 27. Rxg7 Rxg7
28. Nxc7 e3 29. fxe3 Qxh3+ 30. Ke2 Qg2+ 31. Kd3 Rag8 32. Ne6 h5 33. Rf1 Kh7 34.
Nf4 Qg4 35. Rh1 Rg5 36. Qf6 R8g6 37. Qe7+ Kg8 38. Ne6 Qg2 39. Rh4 Qg3 40. Rh1
Qg2 41. Rh4 Qg3 42. Rh1 Qg2 1/2-1/2

[Event "Tournoi Skype 032A"]
[Site "Skype"]
[Date "????.??.??"]
[Round "1.25"]
[White "Sanchez Ruiz, Justo"]
[Black "Llabres, Sergio"]
[Result "1-0"]
[WhiteElo "1671"]
[BlackElo "1556"]
[PlyCount "89"]

1. e4 c6 2. d4 d5 3. e5 Bf5 4. h4 e6 5. g4 Bg6 6. h5 Be4 7. f3 Bxf3 8. Qxf3 h6
9. Bd3 Qa5+ 10. Bd2 Qb6 11. Bc3 Bb4 12. Ne2 Bxc3+ 13. Nbxc3 c5 14. Bb5+ Nc6 15.
dxc5 Qxc5 16. O-O-O a6 17. Bxc6+ bxc6 18. Rhf1 Qe7 19. Qf4 f6 20. Nd4 Rc8 21.
exf6 Nxf6 22. Rde1 O-O 23. Nxe6 Rf7 24. Qd4 Qd7 25. Nc5 Qc7 26. Qd2 Qg3 27. Rg1
Qd6 28. Qd4 a5 29. a3 Re8 30. Rxe8+ Nxe8 31. b4 Rf4 32. Qe3 axb4 33. Qxe8+ Kh7
34. Qg6+ Qxg6 35. hxg6+ Kxg6 36. axb4 Rxb4 37. Nd3 Rc4 38. Kd2 Rd4 39. Ne2 Re4
40. Nc5 Rb4 41. Nd7 Re4 42. Kd3 Re7 43. Nc5 Kg5 44. Nd4 Rc7 45. Nde6+ 1-0

[Event "Tournoi Skype 032A"]
[Site "Skype"]
[Date "????.??.??"]
[Round "1.26"]
[White "Trivedi, Viral"]
[Black "Castellanos Gonzalez, Mariano"]
[Result "1-0"]
[WhiteElo "1551"]
[BlackElo "1670"]
[PlyCount "31"]

1. e4 d6 2. d4 Nf6 3. Nc3 g6 4. Be2 Bg7 5. Bf4 Nbd7 6. e5 Nh5 7. Bxh5 gxh5 8.
Qxh5 dxe5 9. dxe5 O-O 10. O-O-O e6 11. Rd3 Re8 12. Ne4 f6 13. Rh3 Nf8 14. Bh6
Qe7 15. Bxg7 Qxg7 16. Nxf6+ 1-0

[Event "Tournoi Skype 032A"]
[Site "Skype"]
[Date "????.??.??"]
[Round "1.27"]
[White "Nicolini, Francesco"]
[Black "Gharbi, Said"]
[Result "1/2-1/2"]
[WhiteElo "1666"]
[BlackElo "1544"]
[PlyCount "61"]

1. e4 e5 2. Bc4 Bc5 3. Nf3 d6 4. h3 Nf6 5. Nc3 Bd4 6. d3 Nc6 7. Nd5 O-O 8. Nxd4
Nxd4 9. Bg5 Be6 10. Nxf6+ gxf6 11. Bh6 Re8 12. Bxe6 Nxe6 13. c3 Kh8 14. d4 Rg8
15. d5 Ng5 16. f3 Rg6 17. Bxg5 fxg5 18. Qd3 a6 19. O-O-O Qf6 20. Rd2 Rh6 21.
Kb1 Qf4 22. g3 Qxg3 23. Rdh2 Rf6 24. Qd2 h6 25. h4 Rg8 26. hxg5 Rxg5 27. Rh3
Qf4 28. Qxf4 Rxf4 29. Rxh6+ Kg7 30. Rh7+ Kf8 31. R7h3 1/2-1/2

[Event "Tournoi Skype 032A"]
[Site "Skype"]
[Date "????.??.??"]
[Round "1.29"]
[White "Gadow, Martin"]
[Black "Vello, Pablo"]
[Result "1-0"]
[WhiteElo "1651"]
[BlackElo "1514"]
[PlyCount "111"]

1. d4 Nf6 2. Nf3 e6 3. e3 c5 4. Nbd2 Nc6 5. c3 cxd4 6. exd4 Be7 7. Bd3 O-O 8.
O-O d5 9. Ne5 h6 10. Re1 Nd7 11. Ndf3 Qc7 12. Bf4 Bd6 13. Bg3 Ndxe5 14. Nxe5
Nxe5 15. dxe5 Be7 16. Rc1 Qb6 17. Qe2 Bd7 18. Kh1 Rfc8 19. Bf4 Qd8 20. Qd2 g5
21. Be3 Bc5 22. f4 Bxe3 23. Qxe3 f6 24. exf6 Qxf6 25. fxg5 hxg5 26. Qg3 Rf8 27.
h4 Qf4 28. Qxg5+ Qxg5 29. hxg5 Rf2 30. Re2 Raf8 31. Kg1 R2f4 32. Re5 Kg7 33.
Rd1 Rf2 34. c4 Rxb2 35. cxd5 Rff2 36. Bf1 Kf7 37. Rde1 Kg6 38. dxe6 Bc6 39. Kh2
Bxg2 40. Bxg2 Rxg2+ 41. Kh3 Rh2+ 42. Kg3 Rbg2+ 43. Kf3 Rxa2 44. Ke4 Rh4+ 45.
Kd5 Ra5+ 46. Kd6 Rd4+ 47. Ke7 Ra2 48. Rf1 Rg2 49. Rf6+ Kg7 50. Ref5 Rdg4 51.
Rf7+ Kg6 52. R5f6+ Kxg5 53. Rg7+ Kh4 54. Rh6+ Kg3 55. Rxg4+ Kxg4 56. Rg6+ 1-0

[Event "Tournoi Skype 032A"]
[Site "Skype"]
[Date "????.??.??"]
[Round "1.30"]
[White "Kumbhar, Ashok"]
[Black "Vasquez Cienfuegos, Oscar"]
[Result "0-1"]
[WhiteElo "1511"]
[BlackElo "1651"]
[PlyCount "26"]

1. e4 d6 2. d4 Nf6 3. Nc3 g6 4. e5 dxe5 5. dxe5 Qxd1+ 6. Nxd1 Nfd7 7. Nf3 Bg7
8. Bf4 Nc6 9. e6 fxe6 10. Bxc7 O-O 11. Bc4 Nf6 12. O-O Nd5 13. Ba5 Nxa5 0-1

[Event "Tournoi Skype 032A"]
[Site "Skype"]
[Date "????.??.??"]
[Round "1.31"]
[White "Junqueira, Leonardo De Faria"]
[Black "L'Herbon De Lussats, Jean"]
[Result "1-0"]
[WhiteElo "1645"]
[BlackElo "1493"]
[PlyCount "93"]

1. e4 c5 2. d4 cxd4 3. c3 dxc3 4. Nxc3 Nc6 5. Nf3 d6 6. Bc4 e6 7. O-O Nf6 8.
Qe2 h6 9. Rd1 e5 10. Bb5 a6 11. Bxc6+ bxc6 12. Nxe5 Qc7 13. Nf3 Be7 14. e5 dxe5
15. Nxe5 O-O 16. Nxc6 Bd6 17. Nd4 Bxh2+ 18. Kf1 Bg4 19. f3 Bh5 20. Qd2 Bg6 21.
Nce2 Rfe8 22. Qc3 Qe5 23. Bd2 Nd5 24. Qa5 Bd3 25. Re1 Ne3+ 26. Kf2 Qf6 27. Bxe3
Qh4+ 28. g3 Qf6 29. Qd2 Re7 30. Qxd3 Rae8 31. Bf4 g5 32. Bd2 h5 33. Qf5 Qxf5
34. Nxf5 Re5 35. Ned4 h4 36. gxh4 gxh4 37. Nxh4 f6 38. Bc3 Bf4 39. Ndf5 Rb8 40.
Bxe5 Bxe5 41. Rab1 Rxb2+ 42. Rxb2 Bxb2 43. Rb1 Be5 44. Ng6 Kf7 45. Nxe5+ fxe5
46. Rb6 a5 47. Ke3 1-0